Lineas generales de filosofía de la educación
Saved in:
| 主要作者: | |
|---|---|
| 格式: | 圖書 |
| 語言: | 西班牙语 |
| 出版: |
Buenos Aires
Losada
1965
|
| 版: | 2a. ed |
| 叢編: | Biblioteca del Maestro
|
| 主題: | |
| 標簽: |
添加標簽
沒有標簽, 成為第一個標記此記錄!
|
MARC
| LEADER | 00000cam a2200000 a 4500 | ||
|---|---|---|---|
| 001 | UCD2530 | ||
| 003 | CL-VaPUC | ||
| 008 | 160428e19651115ag |||||||||||||||||spa|d | ||
| 082 | 0 | 4 | |a 370.1 |b LOM |2 21 |
| 100 | |a Lombardo-Radice, Giuseppe |e autor |9 585886 | ||
| 245 | 1 | 0 | |a Lineas generales de filosofía de la educación |
| 250 | |a 2a. ed | ||
| 300 | |a 99 p | ||
| 942 | |c BK | ||
| 945 | |d 20160428 21:50:00 |a arojas | ||
| 260 | |a Buenos Aires |b Losada |c 1965 | ||
| 650 | 0 | |a Filosofía de la educación |9 258384 | |
| 650 | 0 | |a Teoría de la educación |9 309368 | |
| 583 | |a last modification |c 20160428 21:50:00 |k Rodrigo Vera | ||
| 490 | 0 | |a Biblioteca del Maestro | |
| 999 | |c 363684 |d 363682 | ||
| 952 | |0 0 |1 0 |3 erb |4 0 |6 370_100000000000000_LOM_1965 |7 0 |8 A |9 476336 |a BIBEDU |b BIBEDU |e Villagrán Garnham, Jorge |i 5300878 |o 370.1 LOM 1965 |p 5300878 |r 2019-11-24 |w 2019-11-24 |y BK |z Catalogado en:20160428 |k EPE | ||